000 00624nam a22002177a 4500
003 OSt
005 20140310182937.0
008 130201t xxu||||| |||| 00| 0 eng d
020 _a9715505611
050 _aDS686
_b.Qu6 2008
082 _aFIL 959.9057
_bQ6 2008
245 _aContested democracy and the left in the Philippines after Marcos
_cQuimpo, Nathan G.
260 _aQuezon City :
_bAteneo de Manila University Press,
_cc2008
300 _a422 p.
_c23 cm.
_bmaps
521 _acollege students
526 _c1210L-1700L
541 _j1
541 _j2
562 _e2
942 _2lcc
_cBK
_kFIL
999 _c17651
_d17651